000 00556nam a2200193Ia 4500
001 14883
003 GE_BSU
008 181216s||||||||xx |||||||||||||| ||und||
040 _cGE_BSU
080 _a512
100 _aБелоногов,В.А. Фомин,А.Н.
245 _aМатричные представления в теории групп
260 _aМосква
260 _bНаука
260 _c1976
300 _a125стр.22см.
653 _aМатричные представления в теории групп
942 _cBK
999 _c48003
_d48003